<?xml version="1.0" encoding="UTF-8"?>
<record
    xmlns:xsi="http://www.w3.org/2001/XMLSchema-instance"
    xsi:schemaLocation="http://www.loc.gov/MARC21/slim http://www.loc.gov/standards/marcxml/schema/MARC21slim.xsd"
    xmlns="http://www.loc.gov/MARC21/slim">

  <leader>01649nam a22002417a 4500</leader>
  <controlfield tag="003">DO-SdBJH</controlfield>
  <controlfield tag="005">20250523130739.0</controlfield>
  <controlfield tag="008">250521b        |||||||| |||| 00| 0 spa d</controlfield>
  <datafield tag="040" ind1=" " ind2=" ">
    <subfield code="a">DO-SdBJH</subfield>
    <subfield code="b">spa</subfield>
    <subfield code="c">DO-SdBJH</subfield>
  </datafield>
  <datafield tag="090" ind1=" " ind2=" ">
    <subfield code="a">TG EGDC</subfield>
    <subfield code="b">02353 2024</subfield>
  </datafield>
  <datafield tag="100" ind1="1" ind2=" ">
    <subfield code="a">Mej&#xED;a P&#xE9;rez, Plinio</subfield>
    <subfield code="e">sustentante</subfield>
  </datafield>
  <datafield tag="245" ind1="1" ind2="0">
    <subfield code="a">Capacidades de defensa en el ciberespacio de las Fuerzas Armadas de Rep&#xFA;blica Dominicana, per&#xED;odo 2023-2024: amenazas emergentes y desaf&#xED;os / </subfield>
    <subfield code="c"> Plinio Mej&#xED;a P&#xE9;rez, Juan Manuel B&#xE1;ez Garc&#xED;a, asesores Amauris Francisco Guerrero, Mar&#xED;a Cristina Ortiz Monagas</subfield>
  </datafield>
  <datafield tag="260" ind1=" " ind2=" ">
    <subfield code="a">Santo Domingo :</subfield>
    <subfield code="b">UNADE, </subfield>
    <subfield code="c">2024</subfield>
  </datafield>
  <datafield tag="300" ind1=" " ind2=" ">
    <subfield code="a">xxvii, 86 p&#xE1;ginas, gr&#xE1;fico, tabla</subfield>
  </datafield>
  <datafield tag="502" ind1=" " ind2=" ">
    <subfield code="a">Tesis (Especialidad  en Comando y Estado Mayor Conjunto) -- Universidad Nacional para la Defensa (UNADE).  Escuela de Graduados de Doctrina Conjunta &#x201C;General de Divisi&#xF3;n Gregorio Luper&#xF3;n&#x201D;, 2024.</subfield>
  </datafield>
  <datafield tag="504" ind1=" " ind2=" ">
    <subfield code="a">Incluye referencias bibliogr&#xE1;ficas e &#xED;ndices</subfield>
  </datafield>
  <datafield tag="505" ind1=" " ind2=" ">
    <subfield code="a">Generalidades, evoluci&#xF3;n de la ciberdefensa de las Fuerzas Armadas y marco legal en la Rep&#xFA;blica Dominicana. -- Caracter&#xED;sticas importante de ciberdefensa dentro de las Fuerzas Armadas de la Rep&#xFA;blica Dominicana, per&#xED;odo 2023-2024. -- Amenazas emergentes y desaf&#xED;os que enfrentan las Fuerzas Armadas de la Rep&#xFA;blica Dominicana en el ciberespacio </subfield>
  </datafield>
  <datafield tag="700" ind1="1" ind2=" ">
    <subfield code="a"> B&#xE1;ez Garc&#xED;a, Juan Manuel </subfield>
    <subfield code="e">sustentante</subfield>
  </datafield>
  <datafield tag="700" ind1="1" ind2=" ">
    <subfield code="a">Guerrero, Amauris Francisco </subfield>
    <subfield code="e">asesor</subfield>
  </datafield>
  <datafield tag="700" ind1="1" ind2=" ">
    <subfield code="a">Ortiz Monagas, Mar&#xED;a Cristina </subfield>
    <subfield code="e">asesor</subfield>
  </datafield>
  <datafield tag="830" ind1=" " ind2=" ">
    <subfield code="a">UNADE. Escuela de Graduados de Doctrina Conjunta &#x201C;General de Divisi&#xF3;n Gregorio Luper&#xF3;n&#x201D;. Tesis y disertaciones acad&#xE9;micas</subfield>
  </datafield>
  <datafield tag="942" ind1=" " ind2=" ">
    <subfield code="2">CL</subfield>
    <subfield code="c">T</subfield>
  </datafield>
  <datafield tag="999" ind1=" " ind2=" ">
    <subfield code="c">8194</subfield>
    <subfield code="d">8194</subfield>
  </datafield>
  <datafield tag="952" ind1=" " ind2=" ">
    <subfield code="0">0</subfield>
    <subfield code="1">0</subfield>
    <subfield code="2">CL</subfield>
    <subfield code="4">0</subfield>
    <subfield code="7">0</subfield>
    <subfield code="8">CG</subfield>
    <subfield code="a">BJHA</subfield>
    <subfield code="b">BJHA</subfield>
    <subfield code="d">2025-05-21</subfield>
    <subfield code="i">24-02353</subfield>
    <subfield code="l">0</subfield>
    <subfield code="o">TG EGDC 02353 2024</subfield>
    <subfield code="p">24-02353</subfield>
    <subfield code="r">2025-05-21 13:29:57</subfield>
    <subfield code="t">e.1</subfield>
    <subfield code="w">2025-05-21</subfield>
    <subfield code="y">T</subfield>
  </datafield>
</record>
